Statistiques concernant Harry Potter par emojis #4

Cliquez ici pour prendre le quiz!

Statistiques générales

  • Ce quiz a été pris 595 fois
  • Le résultat moyen est 9 sur 16

Statistiques - réponses

EmojisObjet% Correct
👸🦅🔵Diadème de Serdaigle
82%
🗡🦁🔴Epee de Gryffondor
82%
🍷🦡🟡Coupe de Poufsouffle
79%
🧥🙈👌Cape d'invisibilité
74%
📿🐍🟢Médaillon de Serpentard
73%
✉🤬🗯Beuglante
70%
🥢💪Baguette de Sureau
67%
🃏🍫🐸Carte de Chocogrenouille
63%
💎☠👻Pierre de résurrection
63%
🗺🏫🐺🐭🐶🦌Carte du Maraudeur
57%
🧹🧙‍♀️🧙‍♂️Balai volant
50%
🎩💭🏡Choixpeau
46%
✂👻7️⃣Horcruxe
31%
🔍🤞💭Miroir du Rised
23%
🔮🤔🔴Rapeltout
14%
🔍🔁👁‍🗨Miroir à double sens
4%

Distribution des résultats

Percentile par nombre de réponses

% des personnes avec chaque résultat

Votre développement - résultats

Vous n’avez pas pris ce quiz